[Event "HUN-chT U18"]
[Site "Zalakaros"]
[Date "2018.07.28"]
[Round "5.4"]
[White "Pribelszky, Bence"]
[Black "Birovecz, Ben Jordan"]
[Result "1-0"]
[WhiteElo "2206"]
[BlackElo "1925"]
[PlyCount "95"]
[EventDate "2018.07.26"]
[EventType "team-swiss"]
[EventRounds "7"]
[EventCountry "HUN"]
[SourceTitle "CBM 185 Extra"]
[Source "ChessBase"]
[SourceDate "2018.07.29"]
[SourceVersion "1"]
[SourceVersionDate "2018.07.29"]
[SourceQuality "1"]
[WhiteTeam "Miskolc KisBocsok"]
[BlackTeam "Budapest MTK II"]
[WhiteTeamCountry "HUN"]
[BlackTeamCountry "HUN"]

1. e4 e5 2. Nf3 Nc6 3. Bc4 Nf6 4. d3 Be7 5. c3 d6 6. Bb3 0-0 7. Nbd2 Na5 8. Bc2 c5 9. 0-0 Qc7 10. Re1 b5 11. Nf1 Nc6 12. Ne3 a5 13. d4 cxd4 14. cxd4 Nb4 15. Bb1 Bd7 16. a3 Na6 17. Nd5 Nxd5 18. exd5 e4 19. Bxe4 Bf6 20. Bf4 Rac8 21. Qd3 g6 22. h4 Bg7 23. Qd2 h5 24. Bh6 Qb6 25. Qg5 Qd8 26. Bxg7 Kxg7 27. Bd3 Qxg5 28. Nxg5 Nc7 29. Re7 Rcd8 30. Be4 Ne8 31. Ne6+ Bxe6 32. dxe6 d5 33. Ra7 dxe4 34. e7 Rxd4 35. exf8Q+ Kxf8 36. Rxa5 Nd6 37. b4 f5 38. g3 Ke7 39. Kf1 Ke6 40. Ke2 Rc4 41. Rd1 Rc2+ 42. Ke3 Rc6 43. a4 Rb6 44. axb5 Nxb5 45. Rda1 Nd6 46. Ra6 Rxb4 47. Rd1 Rb8 48. Rdxd6+ 1-0

[Event "HUN-chT U18"]
[Site "Zalakaros"]
[Date "2018.07.26"]
[Round "1.1"]
[White "Birovecz, Ben Jordan"]
[Black "Kovacsy, Barnabas"]
[Result "0-1"]
[WhiteElo "1925"]
[BlackElo "2174"]
[PlyCount "80"]
[EventDate "2018.07.26"]
[EventType "team-swiss"]
[EventRounds "7"]
[EventCountry "HUN"]
[SourceTitle "CBM 185 Extra"]
[Source "ChessBase"]
[SourceDate "2018.07.29"]
[SourceVersion "1"]
[SourceVersionDate "2018.07.29"]
[SourceQuality "1"]
[WhiteTeam "Budapest MTK II"]
[BlackTeam "Budapest MTK"]
[WhiteTeamCountry "HUN"]
[BlackTeamCountry "HUN"]

1. d4 Nf6 2. c4 g6 3. Nc3 d5 4. Nf3 Bg7 5. Qb3 dxc4 6. Qxc4 0-0 7. e4 Nc6 8. Be2 Bg4 9. Be3 Bxf3 10. Bxf3 e5 11. d5 Nd4 12. 0-0-0 a6 13. Kb1 b5 14. Qd3 Nxf3 15. gxf3 Qd6 16. Ne2 Rfc8 17. Qc2 c5 18. dxc6 Qe6 19. Rc1 Rab8 20. Rhd1 Rc7 21. Rd3 Ne8 22. f4 Nd6 23. fxe5 Nc4 24. Qd1 Re8 25. f4 Qxc6 26. Nc3 Nxe3 27. Rxe3 Rec8 28. Re1 Qb6 29. Qd2 Qa5 30. Qe3 Qb4 31. Nd5 Rxc1+ 32. Rxc1 Rxc1+ 33. Kxc1 Qc4+ 34. Kb1 Bf8 35. Nf6+ Kg7 36. b3 Qf1+ 37. Qc1 Qd3+ 38. Qc2 Qf1+ 39. Qc1 Qd3+ 40. Qc2 Qf1+ 0-1

[Event "HUN-ch U18"]
[Site "Balatonlelle"]
[Date "2018.06.28"]
[Round "9"]
[White "Bodnar, Mate"]
[Black "Birovecz, Ben Jordan"]
[Result "0-1"]
[WhiteElo "1941"]
[BlackElo "1949"]
[PlyCount "36"]
[EventDate "2018.06.21"]
[EventType "swiss"]
[EventRounds "9"]
[EventCountry "HUN"]
[SourceTitle "EXT 2019"]
[Source "ChessBase"]
[SourceDate "2018.10.10"]
[SourceVersion "1"]
[SourceVersionDate "2018.10.10"]
[SourceQuality "1"]

1. e4 e5 2. Nf3 Nc6 3. Bc4 Nf6 4. Ng5 d5 5. exd5 Na5 6. Bb5+ c6 7. dxc6 bxc6 8. Qf3 Be7 9. h3 0-0 10. Ba4 Nd5 11. h4 c5 12. c4 Nb4 13. Qxa8 Nd3+ 14. Kf1 Nb7 15. Bc2 Nxc1 16. Nc3 Qxd2 17. Bxh7+ Kh8 18. Nf3 Qxb2 0-1

[Event "HUN-ch U18"]
[Site "Balatonlelle"]
[Date "2018.06.27"]
[Round "8"]
[White "Birovecz, Ben Jordan"]
[Black "Rona, Andras"]
[Result "1-0"]
[WhiteElo "1949"]
[BlackElo "1687"]
[PlyCount "165"]
[EventDate "2018.06.21"]
[EventType "swiss"]
[EventRounds "9"]
[EventCountry "HUN"]
[SourceTitle "EXT 2019"]
[Source "ChessBase"]
[SourceDate "2018.10.10"]
[SourceVersion "1"]
[SourceVersionDate "2018.10.10"]
[SourceQuality "1"]

1. d4 Nf6 2. c4 g6 3. Nc3 Bg7 4. e4 d6 5. Be2 0-0 6. Bg5 Nbd7 7. f3 e5 8. d5 a5 9. Nh3 Nc5 10. Nf2 h6 11. Be3 b6 12. Qd2 Kh7 13. h4 Nh5 14. g4 Ng3 15. Rh2 Nxe2 16. Qxe2 a4 17. Rb1 Qe7 18. b4 axb3 19. axb3 Ra3 20. Qc2 Bd7 21. h5 g5 22. b4 Nb7 23. Nd3 Rfa8 24. Rd2 Ra1 25. Rdd1 Ba4 26. Nxa4 R1xa4 27. c5 Ra2 28. Rb2 Rxb2 29. Qxb2 bxc5 30. bxc5 Nxc5 31. Nxc5 dxc5 32. Rc1 Qf6 33. Kf2 c6 34. Rxc5 cxd5 35. exd5 Qd6 36. Qc2+ Kg8 37. Rc8+ Rxc8 38. Qxc8+ Bf8 39. Qc6 Qe7 40. Qc2 Qd6 41. Qc6 Qe7 42. Qc4 Kg7 43. Bc1 Qa7+ 44. Be3 Qe7 45. Bb6 Qa3 46. Bc7 Bc5+ 47. Kg3 Qe3 48. Qc2 Qd4 49. Qe2 Qxd5 50. Bxe5+ Kg8 51. Bc3 Qd7 52. Kg2 Qe7 53. Qxe7 Bxe7 54. Kf2 f6 55. Ke3 Kf7 56. Ke4 Ke6 57. Bd2 Bd6 58. f4 gxf4 59. Bxf4 Bf8 60. Bd2 Bg7 61. Bb4 Kf7 62. Kf5 Bh8 63. Ba3 Bg7 64. Bb2 Bh8 65. Bc3 Bg7 66. Bd4 Bh8 67. Bc5 Bg7 68. Bd4 Bh8 69. Ba1 Bg7 70. Bd4 Bh8 71. g5 hxg5 72. h6 g4 73. Bf2 Kg8 74. Kg6 f5 75. h7+ Kf8 76. Bc5+ Ke8 77. Bd6 Bd4 78. Bg3 Bh8 79. Bf4 Bd4 80. Bh6 Bh8 81. Bg7 g3 82. Bxh8 g2 83. Bd4 1-0

[Event "HUN-ch U18"]
[Site "Balatonlelle"]
[Date "2018.06.25"]
[Round "6"]
[White "Birovecz, Ben Jordan"]
[Black "Horvath, Balazs1111"]
[Result "0-1"]
[WhiteElo "1949"]
[BlackElo "2142"]
[PlyCount "93"]
[EventDate "2018.06.21"]
[EventType "swiss"]
[EventRounds "9"]
[EventCountry "HUN"]
[SourceTitle "EXT 2019"]
[Source "ChessBase"]
[SourceDate "2018.10.10"]
[SourceVersion "1"]
[SourceVersionDate "2018.10.10"]
[SourceQuality "1"]

1. d4 Nf6 2. c4 g6 3. Nc3 Bg7 4. e4 d6 5. Be2 0-0 6. Bg5 h6 7. Be3 e5 8. d5 Na6 9. Qd2 Kh7 10. f3 Nc5 11. b4 Na6 12. a3 Ne8 13. h4 c5 14. Rb1 f5 15. h5 f4 16. hxg6+ Kh8 17. Bf2 Qg5 18. Bf1 Qxg6 19. Nge2 b6 20. b5 Nac7 21. a4 Nf6 22. Ra1 a5 23. bxa6 Rxa6 24. Nb5 Nxb5 25. cxb5 Ra5 26. Nc1 Nxe4 27. Bd3 Qxg2 28. Bxe4 Qxh1+ 29. Ke2 Qh2 30. Nb3 Ra7 31. Ra2 Bf6 32. Kd1 Rg8 33. Qe1 Rg2 34. Bb1 Rag7 35. Nc1 Qh3 36. Be4 Bh4 37. Bxh4 Rg1 38. Bf6 Rxe1+ 39. Kxe1 Qh1+ 40. Kd2 Qg1 41. a5 Qd4+ 42. Ke1 Qg1+ 43. Kd2 bxa5 44. Rxa5 Qd4+ 45. Ke1 Qb4+ 46. Ke2 Qxa5 47. Kd1 0-1

[Event "HUN-chT2 Breyer 1617"]
[Site "Hungary"]
[Date "2017.02.26"]
[Round "7.10"]
[White "Birovecz, Ben Jordan"]
[Black "Kiss, Istvan"]
[Result "1-0"]
[WhiteElo "1954"]
[BlackElo "1780"]
[PlyCount "109"]
[EventDate "2016.10.30"]
[EventType "team-tourn"]
[EventRounds "9"]
[EventCountry "HUN"]
[SourceTitle "EXT 2021"]
[Source "ChessBase"]
[SourceDate "2020.10.23"]
[SourceVersion "1"]
[SourceVersionDate "2020.10.23"]
[SourceQuality "1"]
[WhiteTeam "Budapest MTK II"]
[BlackTeam "Nyergesujfalu"]
[WhiteTeamCountry "HUN"]
[BlackTeamCountry "HUN"]

1. d4 Nf6 2. c4 g6 3. Nc3 Bg7 4. e4 d6 5. Be2 0-0 6. Bg5 Nbd7 7. Nf3 c6 8. 0-0 Qc7 9. Rb1 a6 10. h3 e5 11. d5 c5 12. Nd2 h6 13. Be3 Nh7 14. a3 Rb8 15. b4 b6 16. bxc5 Nxc5 17. Nb3 Bd7 18. Qd2 g5 19. g4 Rfe8 20. Qc2 Nf8 21. Rb2 Ng6 22. Rfb1 Na4 23. Nxa4 Bxa4 24. Qd2 Nf4 25. Bf1 h5 26. f3 hxg4 27. hxg4 Bd7 28. Nc1 b5 29. cxb5 axb5 30. Na2 Qc8 31. Bxb5 Rxb5 32. Rxb5 Bxb5 33. Rxb5 Qc4 34. Rb1 Ra8 35. Rc1 Ne2+ 36. Kf2 Nxc1 37. Nxc1 Rxa3 38. Bxg5 Rc3 39. Kg3 Rc2 40. Qe1 Rb2 41. Qd1 f6 42. Be3 Qc3 43. Qg1 Rc2 44. g5 f5 45. exf5 e4 46. f6 exf3 47. Kxf3 Qe5 48. Qg4 Qxd5+ 49. Qe4 Qd1+ 50. Kg3 Qe1+ 51. Kg4 Qd1+ 52. Kf5 Qf1+ 53. Kg6 Qc4 54. Qe8+ Bf8 55. f7+ 1-0

[Event "HUN-chT2 Breyer 1617"]
[Site "Hungary"]
[Date "2017.02.12"]
[Round "6.12"]
[White "Makai, Bence"]
[Black "Birovecz, Ben Jordan"]
[Result "0-1"]
[WhiteElo "1204"]
[BlackElo "1954"]
[PlyCount "66"]
[EventDate "2016.10.30"]
[EventType "team-tourn"]
[EventRounds "9"]
[EventCountry "HUN"]
[SourceTitle "EXT 2021"]
[Source "ChessBase"]
[SourceDate "2020.10.23"]
[SourceVersion "1"]
[SourceVersionDate "2020.10.23"]
[SourceQuality "1"]
[WhiteTeam "Budapest MLTC"]
[BlackTeam "Budapest MTK II"]
[WhiteTeamCountry "HUN"]
[BlackTeamCountry "HUN"]

1. d4 d5 2. Nf3 c5 3. c4 e6 4. Nc3 Nc6 5. e3 Nf6 6. cxd5 exd5 7. Be2 Be7 8. 0-0 0-0 9. a3 a6 10. dxc5 Bxc5 11. b4 Ba7 12. Bb2 Bg4 13. h3 Bh5 14. Qb3 Qd6 15. Rad1 Rad8 16. b5 Bb8 17. g3 Ne7 18. e4 Ba7 19. e5 Qc7 20. g4 Nxg4 21. hxg4 Bxg4 22. Na4 axb5 23. Qxb5 Qc2 24. Bd3 Qc8 25. Rc1 Nc6 26. Ng5 h6 27. Rfe1 hxg5 28. Kh2 Bxf2 29. Rf1 Be3 30. Rc2 Qe6 31. Bh7+ Kh8 32. Bd3 Qh6+ 33. Kg2 Qh3# 0-1

[Event "Budapest Karacsonyi op 8th"]
[Site "Budapest"]
[Date "2016.12.30"]
[Round "6"]
[White "Birovecz, Ben Jordan"]
[Black "Zadravec, Matija"]
[Result "0-1"]
[WhiteElo "1990"]
[BlackElo "2123"]
[PlyCount "62"]
[EventDate "2016.12.27"]
[EventType "swiss"]
[EventRounds "7"]
[EventCountry "HUN"]
[SourceTitle "CBM 176 Extra"]
[Source "ChessBase"]
[SourceDate "2017.03.02"]
[SourceVersion "1"]
[SourceVersionDate "2017.03.02"]
[SourceQuality "1"]

1. e4 c5 2. Nc3 e6 3. g3 d5 4. exd5 exd5 5. d4 Be6 6. Nf3 Nc6 7. Bg2 Bd6 8. 0-0 Nf6 9. Bg5 c4 10. Ne2 h6 11. Bf4 0-0 12. Bxd6 Qxd6 13. Nf4 Bf5 14. a3 Rfe8 15. Re1 b5 16. Ne5 Nxe5 17. dxe5 Rxe5 18. Rxe5 Qxe5 19. Nxd5 Rd8 20. Nxf6+ Qxf6 21. Qc1 c3 22. bxc3 Qxc3 23. Qe1 Qxc2 24. Qe5 Rd1+ 25. Rxd1 Qxd1+ 26. Bf1 Bd3 27. Qe8+ Kh7 28. h4 Qxf1+ 29. Kh2 Qxf2+ 30. Kh1 Be2 31. Qe4+ f5 0-1

[Event "HUN-chT U18"]
[Site "Hajduboszormeny"]
[Date "2016.11.03"]
[Round "2.50"]
[White "Majnay, Peter"]
[Black "Birovecz, Ben Jordan"]
[Result "0-1"]
[WhiteElo "1830"]
[BlackElo "1851"]
[PlyCount "88"]
[EventDate "2016.11.02"]
[EventType "team-swiss"]
[EventRounds "8"]
[EventCountry "HUN"]
[SourceTitle "CBM 175 Extra"]
[Source "ChessBase"]
[SourceDate "2016.12.12"]
[SourceVersion "1"]
[SourceVersionDate "2016.12.12"]
[SourceQuality "1"]

1. e4 e5 2. Nf3 Nc6 3. Bb5 a6 4. Ba4 Nf6 5. 0-0 Nxe4 6. d4 b5 7. Bb3 d5 8. dxe5 Be6 9. c3 Bc5 10. Nbd2 0-0 11. Bc2 Bf5 12. Nb3 Bg6 13. Nxc5 Nxc5 14. Bxg6 hxg6 15. Re1 Qd7 16. Bf4 Rad8 17. Nd4 Nxd4 18. cxd4 Ne6 19. Bg3 c6 20. Qd2 Rfe8 21. Rac1 Qb7 22. f4 Qb6 23. Bf2 Rc8 24. g4 Qd8 25. b4 f5 26. h3 Rf8 27. Bg3 fxg4 28. hxg4 Qd7 29. Rf1 Qe7 30. Kg2 Rf7 31. Rf2 Qa7 32. Rd1 Rcf8 33. Qe3 a5 34. bxa5 Qxa5 35. Rdf1 Qa4 36. f5 gxf5 37. gxf5 Nxd4 38. e6 Rxf5 39. Rxf5 Nxf5 40. Rxf5 Rxf5 41. e7 Qc2+ 42. Kh3 Rh5+ 43. Bh4 Qf5+ 44. Kg3 Qe5+ 0-1

[Event "HUN-chT2 Breyer 1617"]
[Site "Hungary"]
[Date "2016.10.30"]
[Round "1.10"]
[White "Juhasz, Adam"]
[Black "Birovecz, Ben Jordan"]
[Result "0-1"]
[WhiteElo "1731"]
[BlackElo "1851"]
[PlyCount "76"]
[EventDate "2016.10.30"]
[EventType "team-tourn"]
[EventRounds "9"]
[EventCountry "HUN"]
[SourceTitle "EXT 2021"]
[Source "ChessBase"]
[SourceDate "2020.10.23"]
[SourceVersion "1"]
[SourceVersionDate "2020.10.23"]
[SourceQuality "1"]
[WhiteTeam "Zsambek"]
[BlackTeam "Budapest MTK II"]
[WhiteTeamCountry "HUN"]
[BlackTeamCountry "HUN"]

1. d4 d5 2. c4 e6 3. Nc3 c5 4. e3 Nc6 5. Nf3 Nf6 6. Be2 Be7 7. 0-0 0-0 8. b3 a6 9. Bb2 Re8 10. Rc1 cxd4 11. exd4 Qb6 12. Na4 Qc7 13. cxd5 Nxd5 14. Ne5 Bg5 15. Ra1 Nxe5 16. dxe5 b5 17. Bc1 Be7 18. Nb2 Qxe5 19. Bf3 Bd6 20. g3 Bb7 21. Re1 Qf6 22. Bg2 Rad8 23. h4 h6 24. Qf3 Qd4 25. Qe4 Qc3 26. Rb1 Nf4 27. Bd2 Qxd2 28. Qxb7 Ne2+ 29. Kf1 Nc3 30. Bc6 Bc5 31. Nd1 Nxd1 32. Re2 Qd3 33. Bxe8 Qxb1 34. Qxf7+ Kh8 35. Kg2 Qf5 36. Rxe6 Qd5+ 37. Kf1 Qh1+ 38. Ke2 Nc3# 0-1

[Event "Budapest FS08 FM-A"]
[Site "Budapest"]
[Date "2016.08.11"]
[Round "6"]
[White "Birovecz, Ben Jordan"]
[Black "Zoldy, Robert"]
[Result "1/2-1/2"]
[WhiteElo "1745"]
[BlackElo "1910"]
[PlyCount "52"]
[EventDate "2016.08.06"]
[EventType "tourn"]
[EventRounds "10"]
[EventCountry "HUN"]
[SourceTitle "CBM 173 Extra"]
[Source "ChessBase"]
[SourceDate "2016.08.29"]
[SourceVersion "1"]
[SourceVersionDate "2016.08.29"]
[SourceQuality "1"]

1. e4 c5 2. Nc3 Nc6 3. g3 g6 4. Bg2 Bg7 5. d3 d6 6. Be3 Nf6 7. h3 0-0 8. Nge2 Bd7 9. Qd2 Qc8 10. f4 Rb8 11. g4 b5 12. f5 b4 13. Nd1 Ne5 14. 0-0 Bc6 15. Ng3 Kh8 16. Bh6 Qb7 17. Bxg7+ Kxg7 18. Ne3 Rbd8 19. g5 Ng8 20. h4 h5 21. Qf2 a5 22. Rae1 a4 23. f6+ exf6 24. gxf6+ Kh7 25. Qe2 Nh6 26. Bh3 Bd7 1/2-1/2

[Event "Budapest FS08 FM-A"]
[Site "Budapest"]
[Date "2016.08.10"]
[Round "5"]
[White "Harreth, Salim Wali"]
[Black "Birovecz, Ben Jordan"]
[Result "1-0"]
[WhiteElo "2080"]
[BlackElo "1745"]
[PlyCount "63"]
[EventDate "2016.08.06"]
[EventType "tourn"]
[EventRounds "10"]
[EventCountry "HUN"]
[SourceTitle "CBM 173 Extra"]
[Source "ChessBase"]
[SourceDate "2016.08.29"]
[SourceVersion "1"]
[SourceVersionDate "2016.08.29"]
[SourceQuality "1"]

1. e4 e5 2. Nf3 Nc6 3. Bc4 Bc5 4. c3 Nf6 5. d4 exd4 6. cxd4 Bb4+ 7. Nc3 d5 8. exd5 Nxd5 9. 0-0 Nxc3 10. bxc3 Be7 11. Qc2 0-0 12. Bf4 Bf6 13. Rfe1 Ne7 14. Bd3 Ng6 15. Bg3 Kh8 16. h3 c6 17. Rad1 Be6 18. c4 Qa5 19. Rb1 b6 20. Be5 Rad8 21. Bxf6 gxf6 22. d5 Bd7 23. Be4 cxd5 24. Bxd5 Qc5 25. Nd2 Qc8 26. Qc3 Kg7 27. Ne4 Ne5 28. Nxf6 Kxf6 29. Qxe5+ Kg6 30. Re3 h5 31. Be4+ Kh6 32. Qf6# 1-0

[Event "Budapest FS08 FM-A"]
[Site "Budapest"]
[Date "2016.08.08"]
[Round "3"]
[White "Fodor, Balazs"]
[Black "Birovecz, Ben Jordan"]
[Result "1-0"]
[WhiteElo "2113"]
[BlackElo "1745"]
[PlyCount "147"]
[EventDate "2016.08.06"]
[EventType "tourn"]
[EventRounds "10"]
[EventCountry "HUN"]
[SourceTitle "CBM 173 Extra"]
[Source "ChessBase"]
[SourceDate "2016.08.29"]
[SourceVersion "1"]
[SourceVersionDate "2016.08.29"]
[SourceQuality "1"]

1. d4 d5 2. c4 e6 3. Nf3 c5 4. cxd5 exd5 5. g3 Nc6 6. Bg2 Nf6 7. 0-0 Be7 8. dxc5 Bxc5 9. Qc2 Bb6 10. Nc3 h6 11. Na4 Bc7 12. Rd1 0-0 13. Nc5 Re8 14. h3 Qe7 15. e3 Bd6 16. Nb3 Be6 17. a3 Rac8 18. Qd3 Qd7 19. Kh2 Ne4 20. Qe2 Qc7 21. Qe1 Ne5 22. Nfd4 Qd7 23. Qe2 Bg4 24. hxg4 Nxg4+ 25. Kg1 Nexf2 26. Rf1 Bxg3 27. Bf3 Bh2+ 28. Kg2 Qc7 29. Nf5 g6 30. Bxg4 gxf5 31. Qxf2 fxg4 32. Bd2 Be5 33. Rac1 Qd7 34. Nc5 Qe7 35. Nd3 Bd6 36. Rxc8 Rxc8 37. Bc3 Qe4+ 38. Kg1 Qg6 39. Qf6 Qxf6 40. Rxf6 Bf8 41. Rf4 h5 42. Rf5 Bh6 43. Bd4 Re8 44. Ne5 f6 45. Rxf6 Bxe3+ 46. Bxe3 Rxe5 47. Bxa7 Kg7 48. Rd6 Rf5 49. Bf2 Kf8 50. Rd7 b5 51. Rb7 d4 52. Bxd4 Ke8 53. b4 Kd8 54. Bc5 Rf3 55. Rxb5 Rxa3 56. Rb8+ Kc7 57. Rh8 Rh3 58. b5 h4 59. Rh7+ Kc8 60. b6 Rg3+ 61. Kf2 Rf3+ 62. Ke2 Rb3 63. Rxh4 g3 64. Rg4 Kb7 65. Be3 Rb2+ 66. Kf3 g2 67. Rxg2 Rxg2 68. Kxg2 Kc6 69. Kf3 Kb7 70. Ke4 Kc6 71. Ke5 Kd7 72. Kd5 Kc8 73. Kc6 Kb8 74. Bf4+ 1-0

[Event "Budapest FS08 FM-A"]
[Site "Budapest"]
[Date "2016.08.07"]
[Round "2"]
[White "Birovecz, Ben Jordan"]
[Black "Kovacs, Arthur"]
[Result "1/2-1/2"]
[WhiteElo "1745"]
[BlackElo "2026"]
[PlyCount "31"]
[EventDate "2016.08.06"]
[EventType "tourn"]
[EventRounds "10"]
[EventCountry "HUN"]
[SourceTitle "CBM 173 Extra"]
[Source "ChessBase"]
[SourceDate "2016.08.29"]
[SourceVersion "1"]
[SourceVersionDate "2016.08.29"]
[SourceQuality "1"]

1. e4 c6 2. d4 d5 3. e5 Bf5 4. h4 h5 5. c4 e6 6. Nc3 Nd7 7. cxd5 cxd5 8. Be2 Bg6 9. Nh3 Rc8 10. Nf4 Ne7 11. Nxg6 fxg6 12. Bg5 Qb6 13. 0-0 Nf5 14. Bd3 a6 15. Ne2 Be7 16. Nf4 1/2-1/2

[Event "Budapest FS08 FM-A"]
[Site "Budapest"]
[Date "2016.08.06"]
[Round "1"]
[White "Zoldy, Robert"]
[Black "Birovecz, Ben Jordan"]
[Result "1/2-1/2"]
[WhiteElo "1910"]
[BlackElo "1745"]
[PlyCount "49"]
[EventDate "2016.08.06"]
[EventType "tourn"]
[EventRounds "10"]
[EventCountry "HUN"]
[SourceTitle "CBM 173 Extra"]
[Source "ChessBase"]
[SourceDate "2016.08.29"]
[SourceVersion "1"]
[SourceVersionDate "2016.08.29"]
[SourceQuality "1"]

1. e4 e5 2. Nf3 Nc6 3. Nc3 Nf6 4. Bb5 Bb4 5. 0-0 0-0 6. d3 d6 7. Bg5 Ne7 8. Bxf6 gxf6 9. Nh4 c6 10. Bc4 f5 11. Qh5 Bxc3 12. bxc3 d5 13. Bb3 fxe4 14. dxe4 Qd6 15. f4 exf4 16. exd5 cxd5 17. Rad1 Be6 18. c4 Rad8 19. cxd5 Nxd5 20. c4 Qb6+ 21. Kh1 Ne3 22. c5 Qc7 23. Qg5+ Kh8 24. Qf6+ Kg8 25. Qg5+ 1/2-1/2

[Event "HUN-ch U16"]
[Site "Balatonlelle"]
[Date "2016.06.24"]
[Round "1"]
[White "Haselbach, David"]
[Black "Birovecz, Ben Jordan"]
[Result "1-0"]
[WhiteElo "2105"]
[BlackElo "1733"]
[PlyCount "89"]
[EventDate "2016.06.24"]
[EventType "swiss"]
[EventRounds "9"]
[EventCountry "HUN"]
[SourceTitle "CBM 173 Extra"]
[Source "ChessBase"]
[SourceDate "2016.08.29"]
[SourceVersion "1"]
[SourceVersionDate "2016.08.29"]
[SourceQuality "1"]

1. e4 e5 2. Nf3 Nc6 3. Bc4 Bc5 4. c3 Nf6 5. d3 a6 6. Nbd2 Ba7 7. Bb3 d6 8. Nf1 Be6 9. Ne3 Qd7 10. Nd5 Ne7 11. Nxe7 Qxe7 12. 0-0 0-0-0 13. Ng5 h6 14. Nxe6 fxe6 15. Qe2 Kb8 16. Be3 Bxe3 17. Qxe3 g5 18. Rfe1 Rdf8 19. Re2 Nh5 20. d4 Nf4 21. Rd2 exd4 22. cxd4 e5 23. d5 h5 24. Bc4 g4 25. b4 Qh4 26. Bf1 Qe7 27. b5 a5 28. b6 h4 29. Rb2 g3 30. bxc7+ Qxc7 31. Ba6 gxf2+ 32. Kh1 Nxd5 33. exd5 f1Q+ 34. Bxf1 Rf4 35. Rab1 Rhf8 36. Kg1 Ka8 37. Rc1 Qf7 38. Rbb1 Qxd5 39. Rd1 Qxa2 40. Ra1 Rxf1+ 41. Rxf1 Rxf1+ 42. Rxf1 b5 43. Qb6 Qg8 44. Ra1 a4 45. Qxb5 1-0

[Event "Budapest Spring op"]
[Site "Budapest"]
[Date "2016.03.24"]
[Round "6"]
[White "Birovecz, Ben Jordan"]
[Black "Hegedus, Peter1111"]
[Result "0-1"]
[WhiteElo "1631"]
[BlackElo "1792"]
[PlyCount "56"]
[EventDate "2016.03.18"]
[EventType "swiss"]
[EventRounds "9"]
[EventCountry "HUN"]
[SourceTitle "CBM 171 Extra"]
[Source "ChessBase"]
[SourceDate "2016.04.26"]
[SourceVersion "1"]
[SourceVersionDate "2016.04.26"]
[SourceQuality "1"]

1. Nf3 e6 2. g3 f5 3. Bg2 Nf6 4. 0-0 d5 5. d4 Bd6 6. c3 0-0 7. Qb3 Nbd7 8. Na3 c6 9. c4 Qe8 10. cxd5 exd5 11. e3 Kh8 12. Bd2 a5 13. Qd3 Ne4 14. Nc2 b6 15. b4 Ba6 16. Qb3 Bxf1 17. Bxf1 a4 18. Qb2 b5 19. Nce1 Rf6 20. Rc1 Rc8 21. a3 Rh6 22. Qc2 Nb6 23. Bc3 Qh5 24. Bb2 g5 25. Ng2 Qxf3 26. h4 gxh4 27. gxh4 Rg6 28. Qe2 Rxg2+ 0-1

[Event "Budapest Spring op"]
[Site "Budapest"]
[Date "2016.03.23"]
[Round "5"]
[White "Moradi, Kimia"]
[Black "Birovecz, Ben Jordan"]
[Result "1-0"]
[WhiteElo "1987"]
[BlackElo "1631"]
[PlyCount "83"]
[EventDate "2016.03.18"]
[EventType "swiss"]
[EventRounds "9"]
[EventCountry "HUN"]
[SourceTitle "CBM 171 Extra"]
[Source "ChessBase"]
[SourceDate "2016.04.26"]
[SourceVersion "1"]
[SourceVersionDate "2016.04.26"]
[SourceQuality "1"]

1. e4 e5 2. Nf3 Nc6 3. Nc3 Nf6 4. Bb5 Bb4 5. 0-0 0-0 6. d3 d6 7. Bg5 Ne7 8. Bxf6 gxf6 9. Nh4 c6 10. Ba4 Bxc3 11. bxc3 Qa5 12. Bb3 Kh8 13. Qd2 Qd8 14. Qh6 Ng8 15. Qh5 Qe7 16. f4 Be6 17. Bxe6 Qxe6 18. f5 Qe7 19. Rf3 Rfd8 20. Rh3 h6 21. Rf1 d5 22. Rff3 dxe4 23. Rfg3 Qf8 24. Rg4 Kh7 25. Rxe4 Rd7 26. Rg3 Rad8 27. Nf3 Qa3 28. Qg4 Qf8 29. Nd2 Ne7 30. c4 Rd4 31. Rxd4 Rxd4 32. Ne4 Kh8 33. c3 Rd8 34. Nxf6 Ng8 35. Nxg8 Qxg8 36. Qh4 Qf8 37. Qf6+ Kh7 38. Qxe5 Re8 39. Qd4 Qh8 40. f6 Re1+ 41. Kf2 Qe8 42. Qg4 1-0

[Event "Budapest Spring op"]
[Site "Budapest"]
[Date "2016.03.18"]
[Round "1"]
[White "Trajber, Csaba"]
[Black "Birovecz, Ben Jordan"]
[Result "1-0"]
[WhiteElo "2012"]
[BlackElo "1631"]
[PlyCount "53"]
[EventDate "2016.03.18"]
[EventType "swiss"]
[EventRounds "9"]
[EventCountry "HUN"]
[SourceTitle "CBM 171 Extra"]
[Source "ChessBase"]
[SourceDate "2016.04.26"]
[SourceVersion "1"]
[SourceVersionDate "2016.04.26"]
[SourceQuality "1"]

1. e4 e5 2. Nf3 Nc6 3. d4 exd4 4. Nxd4 Qf6 5. Nxc6 Qxc6 6. Bd3 Bb4+ 7. c3 Bc5 8. 0-0 Ne7 9. Nd2 0-0 10. Nb3 Bb6 11. Nd4 Qf6 12. Be3 d5 13. exd5 Nxd5 14. Qh5 g6 15. Qxd5 Rd8 16. Qg5 Qd6 17. Bc2 c5 18. Nf3 f6 19. Qh6 Bg4 20. Bb3+ Kh8 21. Bf4 Qc6 22. Nh4 Bf5 23. Nxf5 gxf5 24. Rae1 c4 25. Bc2 Rg8 26. Bg3 Rg5 27. Re7 1-0

[Event "Budapest Karacsonyi 7th"]
[Site "Budapest"]
[Date "2015.12.30"]
[Round "7"]
[White "Lakat, Gyula"]
[Black "Birovecz, Ben Jordan"]
[Result "1-0"]
[WhiteElo "1783"]
[BlackElo "1648"]
[PlyCount "81"]
[EventDate "2015.12.27"]
[EventType "swiss"]
[EventRounds "7"]
[EventCountry "HUN"]
[SourceTitle "CBM 170 Extra"]
[Source "ChessBase"]
[SourceDate "2016.02.25"]
[SourceVersion "1"]
[SourceVersionDate "2016.02.25"]
[SourceQuality "1"]

1. d4 d5 2. Nf3 c5 3. e3 e6 4. Bb5+ Bd7 5. Bxd7+ Qxd7 6. 0-0 Nf6 7. Ne5 Qc7 8. Nc3 a6 9. f4 Nc6 10. Nxc6 Qxc6 11. Qf3 Be7 12. Bd2 0-0 13. Rae1 Bd6 14. g4 cxd4 15. exd4 Qb6 16. g5 Nd7 17. Qd3 Rac8 18. b3 Bb4 19. Na4 Qa5 20. Bxb4 Qxb4 21. Re3 b5 22. Nc3 Rc6 23. f5 Rfc8 24. Ne2 Rxc2 25. fxe6 fxe6 26. Rxe6 R2c6 27. Qf5 Rf8 28. Re8 Rc8 29. Rxc8 Rxc8 30. Qxd5+ Kh8 31. Qxd7 Rf8 32. Rxf8+ Qxf8 33. Nf4 b4 34. Ne6 Qg8 35. Qd8 a5 36. d5 h6 37. d6 Qxd8 38. Nxd8 Kg8 39. d7 Kf8 40. Ne6+ Ke7 41. d8Q+ 1-0